| 000 | 00375nam a2200169Ia 4500 | ||
|---|---|---|---|
| 100 | _aAllen/Paul/ Bambara/Joseph | ||
| 650 | _aJava | ||
| 942 | _cBK | ||
| 366 | _f15 | ||
| 654 | _aJ2EE | ||
| 245 | _aSun certified enterprise architect for J2EE | ||
| 260 |
_bDreamtech _aMumbai _c2003 |
||
| 082 |
_a005.133J/ALL _bALL |
||
| 300 | _a618 | ||
| 546 | _aENGLISH | ||
| 999 |
_c25293 _d25293 |
||